|
|
|
|
| LEADER |
02584nam a2200457 4500 |
| 001 |
ocn754109944 |
| 003 |
OCoLC |
| 005 |
20180501121943.0 |
| 006 |
m o d |
| 007 |
cr mn||||||||| |
| 008 |
110922s2005 caua ob 001 0 eng d |
| 040 |
|
|
|a COF
|b eng
|e pn
|c COF
|d OPELS
|d OCLCQ
|d OPELS
|d OCLCF
|d KUK
|d OCLCQ
|d KIJ
|d GrThAP
|
| 019 |
|
|
|a 1027314967
|
| 020 |
|
|
|a 0121828018
|q (electronic bk.)
|
| 020 |
|
|
|a 9780121828011
|q (electronic bk.)
|
| 035 |
|
|
|a (OCoLC)754109944
|z (OCoLC)1027314967
|
| 050 |
|
4 |
|a QP601
|
| 060 |
|
4 |
|a QU135
|b MET
|
| 082 |
0 |
4 |
|a 572.54
|2 22
|
| 049 |
|
|
|a TEFA
|
| 245 |
0 |
0 |
|a Nitric oxide.
|n Part E /
|c edited by Lester Packer, Enrique Cadenas.
|
| 260 |
|
|
|a San Diego, Calif. :
|b Elsevier/Academic Press,
|c 2005.
|
| 300 |
|
|
|a 1 online resource (xliii, 664, [10] pages) :
|b illustrations, some color.
|
| 336 |
|
|
|a text
|b txt
|2 rdacontent
|
| 337 |
|
|
|a computer
|b c
|2 rdamedia
|
| 338 |
|
|
|a online resource
|b cr
|2 rdacarrier
|
| 490 |
1 |
|
|a Methods in enzymology ;
|v v. 396
|
| 504 |
|
|
|a Includes bibliographical references and index.
|
| 588 |
0 |
|
|a Print version record.
|
| 520 |
|
|
|a Since the inception of the series, each volume has been eagerly awaited, frequently consulted, and praised by researchers and reviewers alike. The series contains much material still relevant today - truly an essential publication for researchers in all field of life sciences. This final volume in the five-part Nitric Oxide series supplements MIE volumes 268, 269, 301 and 359. Nitric Oxide impinges on a wide range of fields in biological research, particularly in the areas of biomedicine and cell and organic biology, as well as fundamental chemistry. These volumes are a valuable resource for the experienced researcher and for those entering the field. *One of the most highly respected publication in the field of biochemistry since 1955 *Frequently consulted and praised by researchers and reviewers alike *Truly an essential publication for anyone in any field of the life sciences.
|
| 650 |
|
0 |
|a Nitric oxide.
|
| 650 |
|
7 |
|a Nitric oxide.
|2 fast
|0 (OCoLC)fst01037984
|
| 650 |
0 |
2 |
|a Nitrogen Compounds [MESH]
|
| 650 |
0 |
2 |
|a Nitric Oxide [MESH]
|
| 650 |
0 |
2 |
|a Nitric Oxide
|x toxicity [MESH]
|
| 655 |
|
4 |
|a Electronic books.
|
| 700 |
1 |
|
|a Packer, Lester.
|
| 700 |
1 |
|
|a Cadenas, Enrique.
|
| 776 |
0 |
8 |
|i Print version:
|t Nitric oxide. Part E.
|d San Diego, Calif. : Elsevier/Academic Press, 2005
|z 0121828018
|w (OCoLC)61431104
|
| 830 |
|
0 |
|a Methods in enzymology ;
|v v. 396.
|
| 856 |
4 |
0 |
|u https://www.sciencedirect.com/science/bookseries/00766879/396
|z Full Text via HEAL-Link
|